[Event "Guernsey op 47th"]
[Site "St James"]
[Date "2023.10.21"]
[Round "7"]
[White "Rowe, Peter"]
[Black "Gravett, Alan David"]
[Result "1/2-1/2"]
[WhiteElo "1938"]
[BlackElo "1810"]
[PlyCount "31"]
[EventDate "2023.10.15"]
[EventType "swiss"]
[EventRounds "7"]
[EventCountry "GCI"]
[SourceTitle "EXT 2025"]
[Source "ChessBase"]
[SourceDate "2024.10.14"]
[SourceVersion "1"]
[SourceVersionDate "2024.10.14"]
[SourceQuality "1"]

1. d4 Nf6 2. Bf4 g6 3. e3 Bg7 4. Be2 0-0 5. Nf3 d6 6. h3 c5 7. c3 cxd4 8. exd4 Nbd7 9. Bh2 a6 10. 0-0 b5 11. a4 bxa4 12. Qxa4 Qb6 13. b4 Bb7 14. Qa5 Qxa5 15. Rxa5 Nd5 16. Ra3 1/2-1/2

[Event "Guernsey op 47th"]
[Site "St James"]
[Date "2023.10.18"]
[Round "4"]
[White "Gravett, Alan David"]
[Black "Punnett, Alan Kenneth"]
[Result "0-1"]
[WhiteElo "1810"]
[BlackElo "2071"]
[PlyCount "94"]
[EventDate "2023.10.15"]
[EventType "swiss"]
[EventRounds "7"]
[EventCountry "GCI"]
[SourceTitle "EXT 2025"]
[Source "ChessBase"]
[SourceDate "2024.10.14"]
[SourceVersion "1"]
[SourceVersionDate "2024.10.14"]
[SourceQuality "1"]

1. g3 Nf6 2. Bg2 d5 3. Nf3 c6 4. 0-0 e6 5. d4 Bd6 6. b3 0-0 7. Bb2 Nbd7 8. Nbd2 Qc7 9. c4 b6 10. cxd5 exd5 11. Qc2 Bb7 12. Nh4 Rfe8 13. Rfe1 Rac8 14. e4 dxe4 15. Nxe4 Nxe4 16. Bxe4 Nf6 17. Bf5 Rcd8 18. Bh3 Nd5 19. a3 Be7 20. Nf5 Bf6 21. Bg2 Qd7 22. h4 c5 23. Bh3 Qc6 24. Kh2 cxd4 25. Qxc6 Bxc6 26. Rxe8+ Bxe8 27. Bxd4 Bxd4 28. Nxd4 Nf4 29. Re1 Nxh3 30. Kxh3 Kf8 31. Rd1 Rd6 32. Rd2 f6 33. Kg2 Kf7 34. Kf1 Bd7 35. Ke1 Kg6 36. b4 Kh5 37. b5 g5 38. hxg5 fxg5 39. f3 Kg6 40. Nc6 Rxd2 41. Kxd2 Kf6 42. Ke3 a6 43. a4 axb5 44. axb5 Bxc6 45. bxc6 Ke6 46. f4 gxf4+ 47. gxf4 Kd6 0-1

[Event "Guernsey op 45th"]
[Site "Vale"]
[Date "2019.10.25"]
[Round "6"]
[White "Dijksterhuis, Rolf"]
[Black "Gravett, Alan David"]
[Result "1/2-1/2"]
[WhiteElo "1937"]
[BlackElo "1831"]
[PlyCount "73"]
[EventDate "2019.10.20"]
[EventType "swiss"]
[EventRounds "7"]
[EventCountry "GCI"]
[SourceTitle "EXT 2021"]
[Source "ChessBase"]
[SourceDate "2020.10.23"]
[SourceVersion "1"]
[SourceVersionDate "2020.10.23"]
[SourceQuality "1"]

1. e4 g6 2. d4 Bg7 3. c4 d6 4. Nc3 Nf6 5. Nf3 0-0 6. Be2 c6 7. 0-0 e5 8. dxe5 dxe5 9. Qc2 Qc7 10. b4 a5 11. b5 Nbd7 12. Nd2 Re8 13. a4 Nc5 14. Nb3 Nxb3 15. Qxb3 Be6 16. Be3 Rac8 17. Rfc1 Qb8 18. f3 Nd7 19. Rab1 Bf8 20. Qb2 Bb4 21. Nd5 cxd5 22. cxd5 Bxd5 23. exd5 Qd6 24. Bc4 Ba3 25. Qd2 Bxc1 26. Rxc1 b6 27. Bb3 Nc5 28. Ba2 Nxa4 29. Rc6 Rxc6 30. bxc6 Rc8 31. f4 e4 32. f5 gxf5 33. h3 Nc5 34. Bf4 Qd8 35. Bg5 Qd6 36. Bf4 Qd8 37. Bg5 1/2-1/2

[Event "Gibraltar Masters 17th"]
[Site "Caleta"]
[Date "2019.01.30"]
[Round "9"]
[White "Gravett, Alan David"]
[Black "Hewson, Brian Wr"]
[Result "0-1"]
[WhiteElo "1840"]
[BlackElo "2006"]
[PlyCount "108"]
[EventDate "2019.01.22"]
[EventType "swiss"]
[EventRounds "10"]
[EventCountry "GGB"]
[SourceTitle "CBM 188 Extra"]
[Source "ChessBase"]
[SourceDate "2019.02.28"]
[SourceVersion "1"]
[SourceVersionDate "2019.02.28"]
[SourceQuality "1"]

1. g3 e5 2. Bg2 Nc6 3. c4 g6 4. Nc3 Bg7 5. d3 Nge7 6. e4 d6 7. Nge2 0-0 8. 0-0 Be6 9. Rb1 a5 10. b3 Qd7 11. Nd5 Nb4 12. Nec3 Nbxd5 13. Nxd5 Nxd5 14. cxd5 Bh3 15. Be3 Bxg2 16. Kxg2 c6 17. dxc6 bxc6 18. d4 Rfe8 19. dxe5 Rxe5 20. Bf4 Rxe4 21. Qxd6 Qxd6 22. Bxd6 Re2 23. a4 Bd4 24. Rbe1 Rb2 25. Rb1 Ra2 26. Rbc1 Rb2 27. Rb1 Rxb1 28. Rxb1 c5 29. Rc1 Rc8 30. Bf4 Rc6 31. Bd2 Rb6 32. Bxa5 Rxb3 33. Be1 Ra3 34. Rc4 Kg7 35. Kf1 Kf6 36. a5 Ke6 37. Rc1 Ra4 38. Rd1 Kd5 39. Ke2 Ra2+ 40. Kf1 Kc6 41. h3 Kb5 42. g4 f6 43. Rb1+ Rb2 44. Rxb2+ Bxb2 45. Ke2 Be5 46. Kd3 Bc7 47. a6 Kxa6 48. Kc4 Kb6 49. Bd2 Kc6 50. Bc1 Be5 51. f4 Bd4 52. h4 Kd6 53. Ba3 Bf2 54. f5 gxf5 0-1

[Event "Gibraltar Masters 16th"]
[Site "Caleta"]
[Date "2018.02.01"]
[Round "10"]
[White "Gravett, Alan David"]
[Black "Bryant, Richard BE"]
[Result "0-1"]
[WhiteElo "1825"]
[BlackElo "2016"]
[PlyCount "52"]
[EventDate "2018.01.23"]
[EventType "swiss"]
[EventRounds "10"]
[EventCountry "GGB"]
[SourceTitle "CBM 183"]
[Source "ChessBase"]
[SourceDate "2018.03.14"]
[SourceVersion "1"]
[SourceVersionDate "2018.03.14"]
[SourceQuality "1"]

1. g3 f5 2. d4 Nf6 3. c4 e6 4. Bg2 d5 5. Nf3 c6 6. cxd5 exd5 7. 0-0 Bd6 8. Nc3 0-0 9. Qb3 Kh8 10. Qc2 Ne4 11. Kh1 Nd7 12. Nxe4 fxe4 13. Ng5 Nb6 14. f3 Be7 15. Nh3 exf3 16. exf3 Bf5 17. Qd1 Qd7 18. Nf4 Qc7 19. Nd3 Bf6 20. Bf4 Qd8 21. Be5 Nc4 22. Rf2 Qb6 23. Bxf6 Rxf6 24. Nf4 Nxb2 25. Qe1 Na4 26. g4 Qxd4 0-1

[Event "Gibraltar Masters 16th"]
[Site "Caleta"]
[Date "2018.01.31"]
[Round "9"]
[White "Makka, Ioulia"]
[Black "Gravett, Alan David"]
[Result "1-0"]
[WhiteElo "2167"]
[BlackElo "1825"]
[PlyCount "71"]
[EventDate "2018.01.23"]
[EventType "swiss"]
[EventRounds "10"]
[EventCountry "GGB"]
[SourceTitle "CBM 183"]
[Source "ChessBase"]
[SourceDate "2018.03.14"]
[SourceVersion "1"]
[SourceVersionDate "2018.03.14"]
[SourceQuality "1"]

1. e4 g6 2. d4 Bg7 3. Nc3 d6 4. Be3 c6 5. h3 Nf6 6. Nf3 0-0 7. Qd2 e5 8. 0-0-0 Qc7 9. Bh6 Nbd7 10. dxe5 dxe5 11. Nh2 Nc5 12. f3 Be6 13. Bxg7 Kxg7 14. Ng4 Nxg4 15. hxg4 f6 16. Qh6+ Kg8 17. g5 fxg5 18. Qxg5 Rad8 19. Be2 Rxd1+ 20. Rxd1 Qg7 21. b4 Nd7 22. Rd6 h6 23. Qd2 Qe7 24. Nd1 Kh7 25. Bc4 Bd5 26. Rxd7 Qxd7 27. exd5 cxd5 28. Bxd5 Rd8 29. Ne3 Kg7 30. Qc3 Qe7 31. Be4 Rd4 32. a3 Qd8 33. Bxb7 Qe7 34. Be4 h5 35. Kb2 Qe6 36. Qc5 1-0

[Event "Gibraltar Masters 16th"]
[Site "Caleta"]
[Date "2018.01.28"]
[Round "6"]
[White "Gravett, Alan David"]
[Black "Helin, Mikael"]
[Result "0-1"]
[WhiteElo "1825"]
[BlackElo "1962"]
[PlyCount "48"]
[EventDate "2018.01.23"]
[EventType "swiss"]
[EventRounds "10"]
[EventCountry "GGB"]
[SourceTitle "CBM 183"]
[Source "ChessBase"]
[SourceDate "2018.03.14"]
[SourceVersion "1"]
[SourceVersionDate "2018.03.14"]
[SourceQuality "1"]

1. g3 e5 2. Bg2 Nc6 3. e4 g6 4. d3 Bg7 5. Ne2 d6 6. 0-0 h5 7. h4 Be6 8. Nbc3 Qd7 9. Kh2 0-0-0 10. a4 f6 11. a5 g5 12. a6 b6 13. Nd5 Nge7 14. hxg5 Ng8 15. Rh1 h4 16. g4 h3 17. Bf1 Bxg4 18. gxf6 Nd4 19. Ne7+ Nxe7 20. fxg7 Nf3+ 21. Kg3 Rh7 22. Bg2 Rxg7 23. Bxf3 Bh5+ 24. Kh2 Bxf3 0-1

[Event "Gibraltar Masters 16th"]
[Site "Caleta"]
[Date "2018.01.27"]
[Round "5"]
[White "Burke, Mitchell R"]
[Black "Gravett, Alan David"]
[Result "1-0"]
[WhiteElo "1989"]
[BlackElo "1825"]
[PlyCount "87"]
[EventDate "2018.01.23"]
[EventType "swiss"]
[EventRounds "10"]
[EventCountry "GGB"]
[SourceTitle "CBM 183"]
[Source "ChessBase"]
[SourceDate "2018.03.14"]
[SourceVersion "1"]
[SourceVersionDate "2018.03.14"]
[SourceQuality "1"]

1. e4 g6 2. Nc3 Bg7 3. f4 d6 4. Nf3 Nc6 5. Bc4 Nf6 6. d3 Bg4 7. h3 Bxf3 8. Qxf3 Nd4 9. Qf2 c5 10. 0-0 0-0 11. Be3 Rb8 12. a4 a6 13. Ba2 e6 14. Nd1 Nc6 15. f5 exf5 16. exf5 d5 17. Bxc5 Re8 18. Be3 b5 19. axb5 axb5 20. Bg5 Ne4 21. Bxd8 Nxf2 22. Bh4 Nxd1 23. Raxd1 Nb4 24. Bb3 Bxb2 25. Rf4 Bc3 26. Kf1 Rbc8 27. Be1 Bxe1 28. Rxe1 Rxe1+ 29. Kxe1 Nxc2+ 30. Kd2 Na3 31. Bxd5 Rc5 32. Be4 b4 33. fxg6 hxg6 34. d4 Rc7 35. Bd5 Nb5 36. Bb3 Kg7 37. d5 Nd6 38. Rxb4 Kf6 39. Kd3 Ke5 40. g3 f5 41. Rb8 Ne4 42. Re8+ Kd6 43. Re6+ Kc5 44. Rxg6 1-0

[Event "Gibraltar Masters 15th"]
[Site "Caleta"]
[Date "2017.01.28"]
[Round "5"]
[White "Gravett, Alan David"]
[Black "Eagleton, Greg T"]
[Result "0-1"]
[WhiteElo "1820"]
[BlackElo "2055"]
[PlyCount "86"]
[EventDate "2017.01.24"]
[EventType "swiss"]
[EventRounds "10"]
[EventCountry "GGB"]
[SourceTitle "CBM 177"]
[Source "ChessBase"]
[SourceDate "2017.03.16"]
[SourceVersion "1"]
[SourceVersionDate "2017.03.16"]
[SourceQuality "1"]

1. Nf3 Nf6 2. g3 g6 3. b4 Bg7 4. Bb2 0-0 5. Bg2 d6 6. 0-0 e5 7. d3 Nbd7 8. c4 a5 9. a3 Re8 10. Nbd2 Nh5 11. e4 Nb8 12. h3 c5 13. b5 Be6 14. Kh2 Bh6 15. Nb1 Nd7 16. Nc3 Nf8 17. a4 b6 18. Bc1 Bg7 19. Ra2 Ra7 20. Nh4 Bf6 21. Nf5 Ng7 22. Nh6+ Kh8 23. Nd5 Bxd5 24. cxd5 Bg5 25. Bxg5 Qxg5 26. Ng4 f5 27. f4 exf4 28. gxf4 Qh4 29. Ne3 Nh5 30. Qf3 fxe4 31. dxe4 Rf7 32. Qf2 Qxf4+ 33. Qxf4 Rxf4 34. Rxf4 Nxf4 35. Bf3 Rd8 36. Nc4 Nd7 37. Nxd6 Ne5 38. Kg3 Nfd3 39. Be2 Rxd6 40. Rd2 Rf6 41. Rxd3 Nxd3 42. Bxd3 Kg8 43. Bc4 Kf8 0-1

[Event "Gibraltar Masters 15th"]
[Site "Caleta"]
[Date "2017.01.26"]
[Round "3"]
[White "Gravett, Alan David"]
[Black "Kozarcanin, Sead"]
[Result "1-0"]
[WhiteElo "1820"]
[BlackElo "2069"]
[PlyCount "61"]
[EventDate "2017.01.24"]
[EventType "swiss"]
[EventRounds "10"]
[EventCountry "GGB"]
[SourceTitle "CBM 177"]
[Source "ChessBase"]
[SourceDate "2017.03.16"]
[SourceVersion "1"]
[SourceVersionDate "2017.03.16"]
[SourceQuality "1"]

1. Nf3 d5 2. g3 Nf6 3. c4 c6 4. cxd5 cxd5 5. Bg2 Nc6 6. d4 Bf5 7. 0-0 e6 8. Qb3 a6 9. Bd2 b5 10. a4 b4 11. a5 Rb8 12. Rc1 Nxa5 13. Qa4+ Rb5 14. Bf1 Nd7 15. e4 Nc4 16. Bxc4 dxc4 17. exf5 c3 18. bxc3 b3 19. Na3 b2 20. Nxb5 bxc1Q+ 21. Bxc1 axb5 22. Qxb5 Bd6 23. Qc6 Qc7 24. Ra8+ Ke7 25. Qxc7 Rxa8 26. Qb7 Rb8 27. Qe4 h6 28. fxe6 fxe6 29. Qg6 Rg8 30. c4 Nf8 31. Qe4 1-0

[Event "Guernsey op 42nd"]
[Site "Vale"]
[Date "2016.10.18"]
[Round "3"]
[White "Frijling, Jeroen"]
[Black "Gravett, Alan David"]
[Result "1-0"]
[WhiteElo "1778"]
[BlackElo "1844"]
[PlyCount "85"]
[EventDate "2016.10.16"]
[EventType "swiss"]
[EventRounds "7"]
[EventCountry "GCI"]
[SourceTitle "CBM 175 Extra"]
[Source "ChessBase"]
[SourceDate "2016.12.12"]
[SourceVersion "1"]
[SourceVersionDate "2016.12.12"]
[SourceQuality "1"]

1. d4 Nf6 2. c4 d6 3. Nc3 e5 4. Nf3 exd4 5. Nxd4 g6 6. e4 Bg7 7. f3 0-0 8. Be3 Nbd7 9. Qd2 a5 10. 0-0-0 a4 11. g4 Nc5 12. h4 Bxg4 13. fxg4 Nxg4 14. Bg5 f6 15. Bf4 Qe8 16. Bg2 g5 17. Bg3 Ne5 18. Bxe5 Qxe5 19. Nf5 a3 20. Qd5+ Kh8 21. Qxe5 fxe5 22. hxg5 axb2+ 23. Kxb2 Na4+ 24. Nxa4 Rxa4 25. Kb3 Rfa8 26. Ra1 Ra3+ 27. Kb2 R3a4 28. Rh2 Bf8 29. g6 h6 30. Bf1 b5 31. cxb5 Rxe4 32. Nxh6 Bxh6 33. Rxh6+ Kg8 34. Rh7 Ra7 35. Bd3 Rg4 36. Kb3 Rg3 37. Kc2 Rg2+ 38. Kb1 Rg1+ 39. Kb2 Rg2+ 40. Bc2 Ra4 41. Rg1 Rxg1 42. Bxa4 Rxg6 43. Rxc7 1-0

[Event "Guernsey op 42nd"]
[Site "Vale"]
[Date "2016.10.17"]
[Round "2"]
[White "Gravett, Alan David"]
[Black "Spanton, Timothy"]
[Result "0-1"]
[WhiteElo "1844"]
[BlackElo "1969"]
[PlyCount "50"]
[EventDate "2016.10.16"]
[EventType "swiss"]
[EventRounds "7"]
[EventCountry "GCI"]
[SourceTitle "CBM 175 Extra"]
[Source "ChessBase"]
[SourceDate "2016.12.12"]
[SourceVersion "1"]
[SourceVersionDate "2016.12.12"]
[SourceQuality "1"]

1. Nf3 Nc6 2. d4 d5 3. g3 Bg4 4. Bg2 Qd7 5. h3 Bf5 6. c3 f6 7. Nh4 Be4 8. f3 Bxb1 9. Rxb1 g5 10. Ng6 hxg6 11. Qd3 0-0-0 12. b4 e5 13. h4 gxh4 14. Bh3 f5 15. dxe5 Nxe5 16. Qd4 Re8 17. Qxa7 Nc6 18. Qa8+ Nb8 19. g4 Re6 20. gxf5 gxf5 21. Bxf5 Rxe2+ 22. Kxe2 Qxf5 23. Be3 Qc2+ 24. Bd2 Bh6 25. Rbd1 Nf6 0-1

[Event "Guernsey op 41st"]
[Site "Vale"]
[Date "2015.10.22"]
[Round "5"]
[White "Van Randen, Fred"]
[Black "Gravett, Alan David"]
[Result "0-1"]
[WhiteElo "1908"]
[BlackElo "1879"]
[PlyCount "98"]
[EventDate "2015.10.18"]
[EventType "swiss"]
[EventRounds "7"]
[EventCountry "GCI"]
[SourceTitle "EXT 2017"]
[Source "ChessBase"]
[SourceDate "2016.10.25"]
[SourceVersion "1"]
[SourceVersionDate "2016.10.25"]
[SourceQuality "1"]

1. e4 c5 2. Nc3 d6 3. f4 Nf6 4. Nf3 Nc6 5. Bb5 Bd7 6. 0-0 g6 7. d3 Bg7 8. Qe1 0-0 9. Bxc6 Bxc6 10. Qh4 e6 11. Bd2 Nd7 12. Qh3 b5 13. Rae1 Qb6 14. Kh1 Rae8 15. f5 exf5 16. Bh6 Nf6 17. Bxg7 Kxg7 18. exf5 Bd7 19. Nh4 Rxe1 20. Rxe1 c4 21. Qg3 cxd3 22. cxd3 Nh5 23. Qf3 Bc6 24. Ne4 Qd4 25. Qf1 Bxe4 26. Rxe4 Qxb2 27. fxg6 fxg6 28. Re7+ Kg8 29. Nf3 Qxa2 30. Re2 Qd5 31. Qe1 Qxd3 32. Re8 Qf5 33. Rxf8+ Kxf8 34. Qa1 Nf6 35. Qxa7 Qc5 36. Qb8+ Ke7 37. h3 b4 38. Qb7+ Nd7 39. Qe4+ Ne5 40. Qh4+ Ke8 41. Qxh7 Qc1+ 42. Ng1 Qc3 43. Ne2 Qe1+ 44. Ng1 Qd1 45. Kh2 b3 46. Qg8+ Kd7 47. Qb8 Qc2 48. Qb5+ Ke7 49. Ne2 b2 0-1

[Event "Guernsey op 41st"]
[Site "Vale"]
[Date "2015.10.21"]
[Round "4"]
[White "Gravett, Alan David"]
[Black "Maloberti, David"]
[Result "1/2-1/2"]
[WhiteElo "1879"]
[BlackElo "1975"]
[PlyCount "75"]
[EventDate "2015.10.18"]
[EventType "swiss"]
[EventRounds "7"]
[EventCountry "GCI"]
[SourceTitle "EXT 2017"]
[Source "ChessBase"]
[SourceDate "2016.10.25"]
[SourceVersion "1"]
[SourceVersionDate "2016.10.25"]
[SourceQuality "1"]

1. g3 f5 2. c4 Nf6 3. Nc3 e5 4. d3 Bc5 5. Bg2 0-0 6. e3 d6 7. Nge2 a5 8. 0-0 c6 9. d4 Bb6 10. dxe5 dxe5 11. b3 Qe7 12. Qc2 Na6 13. a3 Nc5 14. Bb2 Ng4 15. b4 Ne6 16. h3 Nf6 17. b5 Bd7 18. a4 Bc5 19. Rac1 Nh5 20. Nd5 cxd5 21. cxd5 Bd6 22. dxe6 Bxe6 23. Rfd1 Rac8 24. Qd2 Bb4 25. Nc3 Qf7 26. Bd5 f4 27. Bxe6 Qxe6 28. Qd5 Qxd5 29. Nxd5 fxg3 30. fxg3 Nxg3 31. Rxc8 Rxc8 32. Bxe5 Nf5 33. Nxb4 axb4 34. e4 Re8 35. exf5 Rxe5 36. Rd4 Rxf5 37. Rxb4 b6 38. Rc4 1/2-1/2

[Event "Guernsey op 41st"]
[Site "Vale"]
[Date "2015.10.19"]
[Round "2"]
[White "Gravett, Alan David"]
[Black "Magnussen, Pal"]
[Result "0-1"]
[WhiteElo "1879"]
[BlackElo "1987"]
[PlyCount "80"]
[EventDate "2015.10.18"]
[EventType "swiss"]
[EventRounds "7"]
[EventCountry "GCI"]
[SourceTitle "EXT 2017"]
[Source "ChessBase"]
[SourceDate "2016.10.25"]
[SourceVersion "1"]
[SourceVersionDate "2016.10.25"]
[SourceQuality "1"]

1. Nf3 Nf6 2. g3 g6 3. b4 Bg7 4. Bb2 0-0 5. Bg2 a5 6. a3 c6 7. c4 axb4 8. axb4 Rxa1 9. Bxa1 Qb6 10. 0-0 Qxb4 11. d3 d5 12. Bc3 Qb6 13. Na3 Nbd7 14. Qa1 e6 15. Ne5 Nxe5 16. Bxe5 Ne8 17. d4 Bxe5 18. dxe5 Qa6 19. Rd1 Nc7 20. Qc3 Bd7 21. cxd5 exd5 22. e4 Be6 23. Ra1 dxe4 24. Bxe4 Nd5 25. Qd4 Qe2 26. Bd3 Qh5 27. Nc2 Bh3 28. Ne1 Qg5 29. f4 Qe7 30. Rb1 Rd8 31. Bc4 b5 32. Bb3 c5 33. Qf2 c4 34. Bc2 Nc3 35. Rb2 b4 36. Qe3 Nd1 37. Bxd1 Rxd1 38. Rd2 Rxd2 39. Qxd2 h5 40. Nc2 b3 0-1